| 000 | 00597cam a22002172 4500 | ||
|---|---|---|---|
| 001 | 0000003432 | ||
| 005 | 20151217145734.0 | ||
| 008 | 070507s xx 000 0 eng d | ||
| 020 |
_a0314129383 : _cKES 700 |
||
| 040 |
_aKABU _cKABU |
||
| 050 | 0 |
_aKF385 _b.W35 1998 |
|
| 100 | 1 |
_aWalston-Dunham, Beth. _@0000153358 |
|
| 245 | 1 | 0 | _aIntroduction to law. |
| 250 | _a3rd ed. | ||
| 260 |
_aLondon : _bThomson learning, _c1998. |
||
| 300 | _axv, 608 p. | ||
| 650 | 0 |
_aLaw _zUnited States. _@0000153359 |
|
| 908 | _a070507 | ||
| 950 | _@1 | ||
| 999 |
_c2118 _d2118 |
||